000 00593nam a2200181Ia 4500
008 151202s9999||||xx |||||||||||||| ||und||
082 _bPNVM-62017
100 _aहरकारे अरूण.
245 _aकोळ्याचं जाळं.
260 _b"अक्षता पब्लिकेशन,पुणे."
260 _c62016
300 _a192
600 _aहरकारे अरूण.
630 _aकोळ्याचं जाळं.
700 _aहरकारे अरूण.
730 _aकोळ्याचं जाळं.
942 _cBOOK
999 _c1328551
_d1328548